| 000 | 00601nam a2200193 i 4500 | ||
|---|---|---|---|
| 001 | 74789 | ||
| 003 | ES-MaACL | ||
| 005 | 20240620063115.0 | ||
| 007 | t| | ||
| 008 | 040921s1967 sp ||||1| spa d | ||
| 100 | 1 |
_aGranell, Manuel, _d1906-1993 _959620 |
|
| 245 | 1 | 0 |
_aDel pensar venezolano / _cManuel Granell ; prólogo de Ricardo Azpúrua Ayala. |
| 260 |
_aCaracas : _bCatana, _c1967. |
||
| 300 |
_aXVI, 294 p. ; _c24 cm. |
||
| 700 | 1 |
_aAzpúrua Ayala, Ricardo. _924363 |
|
| 852 |
_aES-MaACL _jA-9449 _bR.98072 |
||
| 852 |
_aES-MaACL _jC-33023 _bR.63304 |
||
| 999 |
_c74789 _d74789 |
||